Ч. 2; Сопротивление материалов

Bibliografiset tiedot
Parent link:Сопротивление материалов: учебное пособие/ В. Н. Скопинский, А. А. Захаров; Московский государственный индустриальный университет (МГИУ). Ч. 2.— , 2010.— 978-5-2760-1627-6
Yhteenveto:Учебное пособие является второй частью общего курса учебных дисциплин «Сопротивление материалов» и «Механика материалов и конструкций» и содержит лекционный материал. Теоретическое изложение частично сопровождается решением практических примеров.Материал учебного пособия может использоваться студентами вузов для самостоятельной работы при подготовке к экзаменам, практическим занятиям и лабораторным работам, для выполнения учебных заданий и курсовых работ.
Kieli:venäjä
Julkaistu: 2010
Painos:3-е изд., испр. и доп.
Aiheet:
Aineistotyyppi: Kirja
KOHA link:https://koha.lib.tpu.ru/cgi-bin/koha/opac-detail.pl?biblionumber=193053

MARC

LEADER 00000nam2a2200000 4500
001 193053
005 20231101224447.0
010 |a 9785276016290 
035 |a (RuTPU)RU\TPU\book\210490 
035 |a RU\TPU\book\113545 
090 |a 193053 
100 |a 20061114d2010 m y0rusy50 ca 
101 0 |a rus 
102 |a RU 
105 |a a j 001zy 
200 0 |a Ч. 2 
205 |a 3-е изд., испр. и доп. 
210 |d 2010 
215 |a 188 с.  |c ил. 
320 |a Библиогр.: с. 179. 
330 |a Учебное пособие является второй частью общего курса учебных дисциплин «Сопротивление материалов» и «Механика материалов и конструкций» и содержит лекционный материал. Теоретическое изложение частично сопровождается решением практических примеров.Материал учебного пособия может использоваться студентами вузов для самостоятельной работы при подготовке к экзаменам, практическим занятиям и лабораторным работам, для выполнения учебных заданий и курсовых работ. 
461 1 |0 (RuTPU)RU\TPU\book\216339  |y 978-5-2760-1627-6  |t Сопротивление материалов  |o учебное пособие  |o в 2 ч.  |f В. Н. Скопинский, А. А. Захаров  |g Московский государственный индустриальный университет (МГИУ)  |v Ч. 2  |d 2010 
606 1 |a Сопротивление материалов  |2 stltpush  |3 (RuTPU)RU\TPU\subj\55554  |9 73567 
610 1 |a учебные пособия 
610 1 |a стержневые системы 
610 1 |a напряженно-деформированное состояние 
610 1 |a прочность 
610 1 |a расчет на прочность 
610 1 |a переменные напряжения 
610 1 |a нагрузки 
610 1 |a сжатые стержни 
610 1 |a устойчивость 
675 |a 539.3/.6(075.8)  |v 3 
801 1 |a RU  |b 63413507  |c 20110314 
801 2 |a RU  |b 63413507  |c 20131209  |g RCR 
900 |a Сопротивление материалов 
942 |c BK 
952 |b 141100 
959 |a 30/20110311  |d 1  |e 154,00  |f ЧЗТЛ:1